000 00534nam a22001817a 4500
999 _c196741
_d196741
005 20230724163744.0
010 _aENG-137546
020 _a9788120341784
_c495.00
035 _aEN-121078
037 _bDBAD/PUB
082 _a658.4038
100 _aMruthyunjaya, H.C.
245 1 0 _aKnowledge Management/
_bby H.C. Mruthyunjaya
260 _aNew Delhi
_bPHI Learning Private Limited
_c2011
270 _aM-97, Connaught Circus,
_bDelhi-110001
300 _a724p.
_c23cm(pbk)
942 _2ddc
_cEN
_mMRU
_h658.4038